书目信息 |
| 题名: |
水下爆破
|
|
| 作者: | 詹发民 , 姜涛 , 黄雪峰 主编 | |
| 分册: | ||
| 出版信息: | 武汉 湖北科学技术出版社 2021 |
|
| 页数: | 317页 | |
| 开本: | 24cm | |
| 丛书名: | ||
| 单 册: | ||
| 中图分类: | TB41 | |
| 科图分类: | ||
| 主题词: | 水下爆破 | |
| 电子资源: | ||
| ISBN: | 978-7-5706-1251-2 | |
| 000 | 00861nam0 2200241 450 | |
| 001 | 2355687792 | |
| 005 | 20231031104608.43 | |
| 010 | @a978-7-5706-1251-2@dCNY90.00 | |
| 100 | @a20210521d2021 em y0chiy50 ea | |
| 101 | 0 | @achi |
| 102 | @aCN@b420000 | |
| 105 | @aa z 000yy | |
| 200 | 1 | @a水下爆破@Ashui xia bao po@f詹发民, 姜涛, 黄雪峰主编 |
| 210 | @a武汉@c湖北科学技术出版社@d2021 | |
| 215 | @a317页@c图@d24cm | |
| 330 | @a本书首先叙述了爆炸和炸药基本理论、火工品知识、水下爆破网路与起爆方法等,在此基础上又对水下爆破理论基础、水下土岩爆破、水中建筑物爆破、水中爆炸物处理以及水下爆破安全技术等做了论述。 | |
| 606 | 0 | @a水下爆破 |
| 690 | @aTB41@v5 | |
| 701 | 0 | @a詹发民@Azhan fa min@4主编 |
| 701 | 0 | @a姜涛@Ajiang tao@4主编 |
| 701 | 0 | @a黄雪峰@Ahuang xue feng@4主编 |
| 801 | 0 | @aCN@b大连网信软件有限公司图书馆·11@c20231031 |
| 905 | @aZUCC@dTB41@e1 | |
| 水下爆破/詹发民, 姜涛, 黄雪峰主编.-武汉:湖北科学技术出版社,2021 |
| 317页:图;24cm |
| ISBN 978-7-5706-1251-2:CNY90.00 |
| 本书首先叙述了爆炸和炸药基本理论、火工品知识、水下爆破网路与起爆方法等,在此基础上又对水下爆破理论基础、水下土岩爆破、水中建筑物爆破、水中爆炸物处理以及水下爆破安全技术等做了论述。 |
| ● |
| 相关链接 |
|
|
|
正题名:水下爆破
索取号:TB41/1
 
预约/预借
| 序号 | 登录号 | 条形码 | 馆藏地/架位号 | 状态 | 备注 |
| 1 | 2001030255 | 2001030255 | 315书库/四28架B面4层4列/ [索取号:TB41/1] | 在馆 | |
| 2 | 2001030256 | 2001030256 | 315书库/四28架B面4层4列/ [索取号:TB41/1] | 在馆 | |
| 3 | 2001030257 | 2001030257 | 315书库/四28架B面4层4列/ [索取号:TB41/1] | 在馆 | |
| 4 | 2001030258 | 2001030258 | 315书库/四28架B面4层4列/ [索取号:TB41/1] | 在馆 | |
| 5 | 2001030259 | 2001030259 | 315书库/四28架B面4层4列/ [索取号:TB41/1] | 在馆 | |
| 6 | 2001030260 | 2001030260 | 315书库/四28架B面4层4列/ [索取号:TB41/1] | 在馆 |